Japanese Vocabulary: Body - Statistics

General Stats
  • This quiz has been taken 201 times
  • The average score is 23 of 55
Answer Stats
English Kanji/Kana Answer % Correct
eye me
91%
ear mimi
84%
tooth ha
82%
face kao
82%
head atama
81%
mouth kuchi
79%
foot, leg ashi
75%
nose hana
75%
hand te
68%
body karada
67%
stomach, belly お腹 onaka
65%
neck kubi
63%
blood chi
58%
back 背中 senaka
58%
finger yubi
58%
arm ude
56%
shoulder kata
53%
chest, brest mune
53%
brain
49%
tear namida
46%
heart 心臓 shinzō
46%
bone hone
44%
tongue shita
40%
poo うんこ unko
40%
hair 髪の毛 kaminoke
39%
lips kuchibiru
37%
throat nodo
37%
knee hiza
35%
cheek hoho
35%
stomach (organ) i
35%
skin hada
33%
muscle 筋肉 kinniku
33%
buttocks お尻 oshiri
33%
sweat ase
32%
chin, jaw ago
30%
wrist 手首 tekubi
30%
eyebrow mayu
28%
ankle 足首 ashikubi
26%
lung hai
26%
elbow hiji
26%
pupil hitomi
26%
eyeball 目玉 medama
25%
forehead hitai
23%
thigh 太もも futomomo
21%
eyelid まぶた mabuta
21%
liver 肝臓 kanzō
19%
pancreas 膵臓 suizō
18%
blood vessel 血管 kekkan
16%
backbone 背骨 sebone
16%
urine 小便 shōben
16%
artery 動脈 dōmyaku
12%
organ 器官 kikan
12%
saliva tsuba
12%
vein 静脈 jōmyaku
11%
calf 脹脛 fukurahagi
5%
No matching quizzes found
Score Distribution
Percent of People with Each Score
Percentile by Number Answered
Your Score History
You have not taken this quiz